02326cam a2200313 i 4500003000900000005001700009007000300026008004100029020001500070040003100085082002800116100004200144245006200186264004800248300002600296336002700322337003300349338002800382490002600410500032600436520098800762590002701750650002801777650003101805910001401836942001401850952013101864999001701995DO-SdBNP20240624132112.0ta240621s2000 sp 000 f spa d a8466300708 aDO-SdBNPcspadBNPHU erda a863.64bM333m, 20002221 aMarías, Javierd1951-917831eautor10aMañana en la batalla piensa en mí /cJavier Marías. 1aMadrid, España :bSuma de letras, c2000. a423 páginasc18 cm. 2rdacontentatextobtxt 2rdamediaasin mediaciónbn 2rdacarrieravolumenbnc1 aPunto de lecturav4/5 aUna intensa narración sobre asuntos que nos atañen a todos: sobre el ocultamiento, los hechos y las intenciones; sobre el actuar sin saber y la voluntad que casi nunca se cumple; sobre la negación de las personas que una vez quisimos y el olvido y la indecisión; sobre la despedida, y también sobre el engaño. aLa hechizante primera frase de esta novela ya dice mucho, quizá demasiado: "Nadie piensa nunca que pueda ir a encontrarse con una muerta entre los brazos y que ya no verá más su rostro cuyo nombre recuerda". Esto es lo que ocurre al narrador, Víctor Frances, guionista de televisión y "negro" o "escritor fantasma", encargado de redactar los discursos de la gente importante e ignorante. Recientemente divorciado, es invitado a cenar a su casa por Marta Tellez, mujer casada cuyo marido está de viaje y madre de un niño de dos años. Tras la cena galante, el hombre y la mujer pasan al dormitorio donde, "aún medio vestidos y medio desvestidos", ella empieza a sentirse mal hasta que agoniza y muere en una escena sobrecogedora. Esa infidelidad no consumada se convierte así en una especie de "encantamiento", con problemas bien reales e inmediatos: que hacer con el cadáver, avisar o no avisar, que hacer respecto al marido, que hacer con el niño dormido, aInventariado, 2024/ YL 4aNovela española91123 4aLiteratura española9632 aYLockward 2ddccLBS1 00102ddc56708GRaBNPHUbBNPHUcCTd2012-06-04eDonación l0o863.64 M333m, 2000p2024-3649r2024-06-21w2024-06-21yLBS1 c56923d56923